[Event "Llinars del Valles op-B 9th"]
[Site "Llinars del Valles"]
[Date "2015.06.06"]
[Round "8"]
[White "Nunez Pacheco, Damian"]
[Black "Alabart Paytubi, Josep"]
[Result "0-1"]
[WhiteElo "1837"]
[BlackElo "1775"]
[PlyCount "50"]
[EventDate "2015.04.11"]
[EventType "swiss"]
[EventRounds "9"]
[EventCountry "ESP"]
[SourceTitle "EXT 2018"]
[Source "ChessBase"]
[SourceDate "2017.10.13"]
[SourceVersion "1"]
[SourceVersionDate "2017.10.13"]
[SourceQuality "1"]

1. e4 e6 2. d4 d5 3. exd5 exd5 4. Nf3 Bd6 5. Bd3 Nf6 6. 0-0 0-0 7. Nc3 a6 8. Bg5 Be6 9. Qd2 g6 10. Rfe1 Re8 11. Ne5 Be7 12. Na4 b6 13. b3 Ng4 14. Bxe7 Rxe7 15. Nxg4 Bxg4 16. f3 Be6 17. Nb2 Qf8 18. c4 Nc6 19. Qg5 Bd7 20. cxd5 Rxe1+ 21. Rxe1 Nxd4 22. Qf4 Qb4 23. Qxc7 Qxe1+ 24. Bf1 Ne2+ 25. Kh1 Qxf1# 0-1

[Event "Llinars del Valles op-B 8th"]
[Site "Llinars del Valles"]
[Date "2015.05.30"]
[Round "7"]
[White "Moriche Vivas, Carlos"]
[Black "Nunez Pacheco, Damian"]
[Result "0-1"]
[WhiteElo "1805"]
[BlackElo "1837"]
[PlyCount "46"]
[EventDate "2015.04.11"]
[EventType "swiss"]
[EventRounds "9"]
[EventCountry "ESP"]
[SourceTitle "EXT 2016"]
[Source "ChessBase"]
[SourceDate "2015.10.08"]
[SourceVersion "1"]
[SourceVersionDate "2015.10.08"]
[SourceQuality "1"]

1. e4 e5 2. Nf3 Nc6 3. Nc3 Bc5 4. Bc4 Nf6 5. d3 0-0 6. 0-0 d6 7. Bg5 h6 8. Bh4 Bg4 9. h3 Bh5 10. Nd5 g5 11. g4 Bg6 12. Bg3 Nxd5 13. Bxd5 h5 14. Qd2 hxg4 15. hxg4 Kg7 16. Nxg5 Nd4 17. Bxb7 Rb8 18. Bh4 Qd7 19. c3 Nf3+ 20. Nxf3 Qxg4+ 21. Bg3 Qxf3 22. Bxe5+ dxe5 23. Bd5 Rh8 0-1

[Event "Llinars del Valles op-B 8th"]
[Site "Llinars del Valles"]
[Date "2015.05.16"]
[Round "6"]
[White "Nunez Pacheco, Damian"]
[Black "Rubiano Rodriguez, Ignasi"]
[Result "0-1"]
[WhiteElo "1837"]
[BlackElo "1805"]
[PlyCount "134"]
[EventDate "2015.04.11"]
[EventType "swiss"]
[EventRounds "9"]
[EventCountry "ESP"]
[SourceTitle "EXT 2016"]
[Source "ChessBase"]
[SourceDate "2015.10.08"]
[SourceVersion "1"]
[SourceVersionDate "2015.10.08"]
[SourceQuality "1"]

1. e4 e5 2. Nf3 Nc6 3. Nc3 Nf6 4. d4 exd4 5. Nxd4 d6 6. Bb5 Bd7 7. 0-0 Be7 8. Re1 0-0 9. Bf4 Ne5 10. Bxd7 Qxd7 11. Nf5 Rfe8 12. Nd5 Bd8 13. Bxe5 Rxe5 14. Nxf6+ Bxf6 15. Qg4 Qb5 16. b3 Rxf5 17. exf5 Bxa1 18. Rxa1 Re8 19. f6 g6 20. a4 Qe5 21. Qd1 Qxf6 22. Rb1 Qc3 23. h3 Re5 24. Rc1 Kg7 25. Qg4 Qd2 26. Qd1 Qxd1+ 27. Rxd1 f5 28. f4 Re2 29. c4 Re4 30. g3 Re3 31. Kf2 Rxb3 32. Re1 Kf7 33. Rc1 Rb4 34. c5 d5 35. a5 c6 36. a6 Ke7 37. Re1+ Kd7 38. Kg2 Rb5 39. Rc1 bxa6 40. Ra1 a5 41. Kf2 Rxc5 42. Ke2 a6 43. Kd3 Kd6 44. Kd4 Rc4+ 45. Kd3 a4 46. Rb1 Kc7 47. Re1 Re4 48. Rc1 a5 49. Rc5 Kb6 50. Rc3 Kb5 51. Kc2 Rc4 52. Kb2 Rxc3 53. Kxc3 a3 54. Kb3 a2 55. Kxa2 Kc4 56. Kb2 d4 57. Kc2 d3+ 58. Kd1 Kc3 59. Kc1 a4 60. g4 a3 61. Kd1 a2 62. Ke1 a1Q+ 63. Kf2 Kd2 64. Kg3 Qe1+ 65. Kg2 Ke2 66. g5 Qf2+ 67. Kh1 Kf1 0-1

[Event "Llinars del Valles op-B 8th"]
[Site "Llinars del Valles"]
[Date "2015.05.09"]
[Round "5"]
[White "Barrionuevo Nistal, Hugo"]
[Black "Nunez Pacheco, Damian"]
[Result "1/2-1/2"]
[WhiteElo "1785"]
[BlackElo "1837"]
[PlyCount "43"]
[EventDate "2015.04.11"]
[EventType "swiss"]
[EventRounds "9"]
[EventCountry "ESP"]
[SourceTitle "EXT 2016"]
[Source "ChessBase"]
[SourceDate "2015.10.08"]
[SourceVersion "1"]
[SourceVersionDate "2015.10.08"]
[SourceQuality "1"]

1. e4 e5 2. Nf3 Nc6 3. Bb5 a6 4. Ba4 d6 5. c3 Nf6 6. Qe2 Bd7 7. d3 b5 8. Bb3 Na5 9. Bc2 c5 10. 0-0 Be7 11. Re1 0-0 12. Nbd2 Nh5 13. Nf1 f5 14. Nxe5 dxe5 15. Qxh5 Nc6 16. Ne3 Be8 17. Qh3 f4 18. Nd5 Bd7 19. Qh5 Be8 20. Qh3 Bd7 21. Qh5 Be8 22. Qh3 1/2-1/2

[Event "Llinars del Valles op-B 8th"]
[Site "Llinars del Valles"]
[Date "2015.05.02"]
[Round "4"]
[White "Nunez Pacheco, Damian"]
[Black "Nunez Ortiz, Damia"]
[Result "0-1"]
[WhiteElo "1837"]
[BlackElo "1940"]
[PlyCount "61"]
[EventDate "2015.04.11"]
[EventType "swiss"]
[EventRounds "9"]
[EventCountry "ESP"]
[SourceTitle "EXT 2016"]
[Source "ChessBase"]
[SourceDate "2015.10.08"]
[SourceVersion "1"]
[SourceVersionDate "2015.10.08"]
[SourceQuality "1"]

1. e4 d5 2. exd5 Qxd5 3. Nc3 Qa5 4. d4 c6 5. Nf3 Nf6 6. Bd3 Bg4 7. 0-0 Nbd7 8. Bf4 e6 9. a3 Qd8 10. b4 Nb6 11. Be3 Bd6 12. b5 Qc7 13. g3 0-0 14. Bg5 Nbd7 15. Ne4 Nxe4 16. Bxe4 f6 17. Be3 f5 18. Bd3 e5 19. Bc4+ Kh8 20. Re1 e4 21. d5 Bxf3 22. Qd4 Be5 23. d6 Qxd6 24. Qxd6 Bxd6 25. Bg5 Ne5 26. Bf4 Nxc4 27. Bxd6 Nxd6 28. bxc6 bxc6 29. c3 h5 30. Rab1 Rab8 31. Rbc1 0-1

[Event "Llinars del Valles op-B 8th"]
[Site "Llinars del Valles"]
[Date "2015.04.11"]
[Round "1"]
[White "Malea Collado, Francesc"]
[Black "Nunez Pacheco, Damian"]
[Result "0-1"]
[WhiteElo "1700"]
[BlackElo "1837"]
[PlyCount "70"]
[EventDate "2015.04.11"]
[EventType "swiss"]
[EventRounds "9"]
[EventCountry "ESP"]
[SourceTitle "EXT 2016"]
[Source "ChessBase"]
[SourceDate "2015.10.08"]
[SourceVersion "1"]
[SourceVersionDate "2015.10.08"]
[SourceQuality "1"]

1. e4 e5 2. Nf3 Nc6 3. Bc4 Nf6 4. d3 Bc5 5. 0-0 0-0 6. h3 d6 7. a3 Re8 8. Nc3 Be6 9. Nd5 Bxd5 10. Bxd5 Nxd5 11. c4 Nf6 12. b4 Bd4 13. Nxd4 Nxd4 14. Be3 Ne6 15. f4 Nd7 16. f5 Ng5 17. h4 Nxe4 18. dxe4 Qxh4 19. Qf3 Nf6 20. Bf2 Qxe4 21. Rfe1 Qxc4 22. Rac1 Qd5 23. Qxd5 Nxd5 24. g3 Ne7 25. g4 g6 26. f6 Nd5 27. g5 Nf4 28. Re3 c6 29. Rce1 a5 30. Bg3 Nh3+ 31. Kg2 Nxg5 32. Bxe5 dxe5 33. Rxe5 Rxe5 34. Rxe5 Ne6 35. Rxe6 fxe6 0-1

[Event "Roncana op-C 8th"]
[Site "Santa Eulalia de Roncana"]
[Date "2014.11.08"]
[Round "4"]
[White "Garcia Encinas, Pau"]
[Black "Nunez Pacheco, Damian"]
[Result "1-0"]
[WhiteElo "1769"]
[BlackElo "1790"]
[PlyCount "94"]
[EventDate "2014.10.11"]
[EventType "swiss"]
[EventRounds "8"]
[EventCountry "ESP"]
[SourceTitle "EXT 2016"]
[Source "ChessBase"]
[SourceDate "2015.10.08"]
[SourceVersion "1"]
[SourceVersionDate "2015.10.08"]
[SourceQuality "1"]

1. e4 c5 2. d4 cxd4 3. c3 dxc3 4. Nxc3 e5 5. Nf3 Nc6 6. Bc4 Nf6 7. Bg5 Bc5 8. 0-0 a6 9. h3 b5 10. Bb3 0-0 11. Nd5 Be7 12. Nxf6+ Bxf6 13. Be3 d6 14. Bd5 Bb7 15. Rc1 Na5 16. b4 Bxd5 17. Qxd5 Nc4 18. Bd2 Nxd2 19. Nxd2 Bg5 20. Rcd1 Qb6 21. Nf3 Be7 22. Rd3 Rac8 23. Nh2 Kh8 24. Rf3 Qc7 25. Rxf7 Rxf7 26. Qxf7 Rf8 27. Qd5 Qc4 28. Qxc4 bxc4 29. Rc1 Rc8 30. a3 Kg8 31. Ng4 Kf7 32. Rc3 Ke6 33. Ne3 Ra8 34. Rxc4 a5 35. b5 Rb8 36. a4 Kf6 37. h4 Kg6 38. g3 Kh5 39. Rc7 Bf8 40. Kh2 Kg6 41. Nd5 h5 42. b6 Kh7 43. b7 Kg8 44. Nb6 d5 45. Nd7 Bd6 46. Rc8+ Kf7 47. Nxb8 d4 1-0

[Event "Roncana op-C 6th"]
[Site "Santa Eulalia de Roncana"]
[Date "2012.12.01"]
[Round "8.1"]
[White "Nunez Pacheco, Damian"]
[Black "Rius Riu, Gerard"]
[Result "0-1"]
[WhiteElo "1713"]
[BlackElo "1762"]
[PlyCount "90"]
[EventDate "2012.10.06"]
[EventType "swiss"]
[EventRounds "8"]
[EventCountry "ESP"]
[SourceTitle "EXT 2024"]
[Source "ChessBase"]
[SourceDate "2023.10.10"]
[SourceVersion "1"]
[SourceVersionDate "2023.10.10"]
[SourceQuality "1"]

1. e4 c6 2. d4 d5 3. e5 Bf5 4. h4 h5 5. Bd3 Bxd3 6. Qxd3 e6 7. Bf4 Qb6 8. Nf3 Qxb2 9. 0-0 Qxa1 10. Qb3 b6 11. Bc1 Nd7 12. Bb2 Qxb2 13. Qxb2 Be7 14. Nbd2 c5 15. c3 Nh6 16. a4 0-0 17. Qa2 Rfc8 18. Rc1 cxd4 19. Nxd4 Nxe5 20. g3 Bf6 21. c4 Nd3 22. Rc3 Nxf2 23. Kxf2 Bxd4+ 24. Re3 Ng4+ 25. Ke2 Bxe3 26. cxd5 Rd8 27. Nf1 Rxd5 28. Nxe3 Re5 29. Kd3 Rd8+ 30. Kc3 Rxe3+ 31. Kb4 a6 32. a5 Rd4+ 33. Qc4 Rxc4+ 34. Kxc4 Rxg3 35. axb6 Ne5+ 36. Kb4 Nd7 37. b7 f5 38. Ka5 Kf7 39. Kxa6 f4 40. Ka7 f3 41. b8Q Nxb8 42. Kxb8 f2 43. Kc7 f1Q 44. Kd6 Rd3+ 45. Ke5 Qf5# 0-1

[Event "Roncana op-C 6th"]
[Site "Santa Eulalia de Roncana"]
[Date "2012.11.17"]
[Round "6.2"]
[White "Nunez Pacheco, Damian"]
[Black "Ceruelo Santiveri, Oscar"]
[Result "0-1"]
[WhiteElo "1713"]
[BlackElo "1745"]
[PlyCount "38"]
[EventDate "2012.10.06"]
[EventType "swiss"]
[EventRounds "8"]
[EventCountry "ESP"]
[SourceTitle "EXT 2024"]
[Source "ChessBase"]
[SourceDate "2023.10.10"]
[SourceVersion "1"]
[SourceVersionDate "2023.10.10"]
[SourceQuality "1"]

1. e4 e5 2. Nf3 d6 3. Bc4 Bg4 4. h3 Bxf3 5. Qxf3 Qd7 6. 0-0 Nh6 7. Nc3 Be7 8. d3 0-0 9. Qg3 Kh8 10. Bxh6 gxh6 11. Qf3 f6 12. Qh5 Nc6 13. Bd5 Nd4 14. Rac1 c6 15. Bb3 Nxb3 16. axb3 Rg8 17. Qxh6 Rg6 18. Qd2 Qxh3 19. Qe3 Qxg2# 0-1

[Event "Roncana op-C 6th"]
[Site "Santa Eulalia de Roncana"]
[Date "2012.10.06"]
[Round "1.14"]
[White "Rodriguez Manzaneque, Trejo Erick"]
[Black "Nunez Pacheco, Damian"]
[Result "0-1"]
[WhiteElo "1700"]
[BlackElo "1713"]
[PlyCount "39"]
[EventDate "2012.10.06"]
[EventType "swiss"]
[EventRounds "8"]
[EventCountry "ESP"]
[SourceTitle "EXT 2024"]
[Source "ChessBase"]
[SourceDate "2023.10.10"]
[SourceVersion "1"]
[SourceVersionDate "2023.10.10"]
[SourceQuality "1"]

1. a3 d5 2. Nh3 Nf6 3. f3 e5 4. g3 Nc6 5. c3 Bc5 6. Nf2 0-0 7. Bg2 Be6 8. h3 d4 9. 0-0 dxc3 10. bxc3 Bxf2+ 11. Rxf2 Bd5 12. a4 Qe7 13. g4 Qe6 14. h4 Bb3 15. Qf1 e4 16. h5 exf3 17. exf3 Rad8 18. Re2 Qc4 19. Na3 Qxa4 20. d3 0-1

[Event "Roncana op-C 5th"]
[Site "Santa Eulalia de Roncana"]
[Date "2011.10.08"]
[Round "2"]
[White "Nunez Pacheco, Damian"]
[Black "Aparicio Casas, Pau"]
[Result "1-0"]
[WhiteElo "1700"]
[BlackElo "1700"]
[PlyCount "35"]
[EventDate "2011.10.01"]
[EventType "swiss"]
[EventRounds "8"]
[EventCountry "ESP"]
[SourceTitle "EXT 2013"]
[Source "ChessBase"]
[SourceDate "2012.11.22"]
[SourceVersion "1"]
[SourceVersionDate "2012.11.22"]
[SourceQuality "1"]

1. e4 e5 2. Nf3 Nc6 3. Nc3 a5 4. d4 Bb4 5. dxe5 f5 6. exf5 Ra6 7. Bxa6 bxa6 8. 0-0 a4 9. Nxa4 Qh4 10. Nxh4 Be7 11. f6 gxf6 12. exf6 Bxf6 13. Re1+ Kd8 14. Re2 Nh6 15. Bxh6 Rf8 16. Bxf8 Bg7 17. Qe1 Nd4 18. Re8# 1-0